Statystyki dla Geografia quiz #13 - Liczba ludności

Kliknij tutaj aby rozwiązać quiz!

Ogólne statystyki

  • Ten quiz został rozwiązany 12 razy
  • Średni wynik to 9 z 15

Statystyki odpowiedzi

ZagadnienieOdpowiedź% Poprawnych
Które państwo ma większą liczbę ludności?Bahrajn
91%
Które państwo ma większą liczbę ludności?Etiopia
91%
Które państwo ma większą liczbę ludności?Łotwa
91%
Które państwo ma większą liczbę ludności?Bośnia i Hercegowina
73%
Które państwo ma większą liczbę ludności?Brazylia
73%
Które państwo ma większą liczbę ludności?Hiszpania
73%
Które państwo ma większą liczbę ludności?Japonia
73%
Które państwo ma większą liczbę ludności?Chorwacja
64%
Które państwo ma większą liczbę ludności?Sri Lanka
64%
Które państwo ma większą liczbę ludności?Słowacja
55%
Które państwo ma większą liczbę ludności?Burkina Faso
45%
Które państwo ma większą liczbę ludności?Dania
45%
Które państwo ma większą liczbę ludności?Litwa
45%
Które państwo ma większą liczbę ludności?Mołdawia
36%
Które państwo ma większą liczbę ludności?Serbia
0%

Rozkład punktacji

Percentyl według liczby udzielonych odpowiedzi

Procent ludzi z każdym wynikiem

Twoja historia wyników

Nie rozwiązałeś tego quizu